UBT Library

Our national parks : (Record no. 39109)

000 -LEADER
fixed length control field 00545cam a2200217 a 4500
001 - CONTROL NUMBER
control field 951846
005 - DATE AND TIME OF LATEST TRANSACTION
control field 20171218083543.0
008 - FIXED-LENGTH DATA ELEMENTS--GENERAL INFORMATION
fixed length control field 840702s1985 nyua 001 0 eng
010 ## - LIBRARY OF CONGRESS CONTROL NUMBER
LC control number 84015085
020 ## - INTERNATIONAL STANDARD BOOK NUMBER
International Standard Book Number 0895771977
040 ## - CATALOGING SOURCE
Original cataloging agency DLC
Transcribing agency DLC
Modifying agency DLC
041 ## - LANGUAGE CODE
Language code of text/sound track or separate title eng
043 ## - GEOGRAPHIC AREA CODE
Geographic area code n-us---
080 ## - UNIVERSAL DECIMAL CLASSIFICATION NUMBER
Universal Decimal Classification number 917.3J JAM
082 00 - DEWEY DECIMAL CLASSIFICATION NUMBER
Classification number 917.3J JAM
Edition number 19
100 ## - Rafti
Rafti 42
101 ## - Shkurtesa
Shkurtesa GJE
245 00 - TITLE STATEMENT
Title Our national parks :
906 ## - LOCAL DATA ELEMENT F, LDF (RLIN)
a 7
b cbc
c orignew
d 1
e ocip
f 19
g y-gencatlg
942 ## - ADDED ENTRY ELEMENTS (KOHA)
Source of classification or shelving scheme
Item type Books
Holdings
Withdrawn status Lost status Source of classification or shelving scheme Damaged status Not for loan Permanent location Current location Date acquired Total Checkouts Full call number Barcode Date last seen Price effective from Koha item type
          UBT - Lipjan UBT - Lipjan 12/18/2017   917.3J JAM 002-2939501 12/18/2017 12/18/2017 Books
UBT Library © 2015-2024. All rights reserved University Education for Business and Technology